000
00292nam a22001337a 4500
008
181102b xxu||||| |||| 00| 0 eng d
020
_a
9780136013785
041
_a
eng
080
_2
2nd
_a
101
100
_a
24
101
_a
FIL
245
_a
Moral Reasoning
_c
Grassian,V
942
_2
udc
_c
BK
999
_c
51744
_d
51744